LEADER 01401nam0 2200349 450 001 000041509 005 20180621113907.0 010 $a1-292-02394-5 010 $a978-1-29202-394-6 100 $a20150908d2014----km-y0itaa50------ba 101 0 $aeng 102 $aGB 200 1 $aAlgorithm design$fJon Kleinberg, Éva Tardos 205 $aNew international edition 210 $aHarlow$cPearson$d2014 215 $aII, 823 p.$cill.$d29 cm 606 1 $aProgrammi per elaboratori 606 2 $aAlgoritmi 676 $a005.1$v(22. ed.)$9Programmazione degli elaboratori 700 1$aKleinberg,$bJon$0598658 701 1$aTardos,$bÉva$0758230 801 0$aIT$bUniversità della Basilicata - B.I.A.$gREICAT$2unimarc 912 $a000041509 996 $aAlgorithm design$91531043 997 $aUNIBAS CAT $aSTD102$b00$c20150908$lBAS01$h1336 CAT $aTTM$b30$c20150908$lBAS01$h1606 CAT $aTTM$b30$c20180621$lBAS01$h1139 FMT Z30 -1$lBAS01$LBAS01$mBOOK$1BASA2$APolo Tecnico-Scientifico$2DID$BDidattica$3PTS.d1.113893$6113893$5T113893$820150909$f98$FConsultazione Z30 -1$lBAS01$LBAS01$mBOOK$1BASA2$APolo Tecnico-Scientifico$2DID$BDidattica$3PTS.d1.113894$6113894$5T113894$820150909$f04$FPrestabile Didattica Z30 -1$lBAS01$LBAS01$mBOOK$1BASA2$APolo Tecnico-Scientifico$2DID$BDidattica$3PTS.d1.113895$6113895$5T113895$820150909$f04$FPrestabile Didattica LEADER 01252nam a2200313 i 4500 001 991004136349707536 005 20020509154549.0 008 950121s|||| fr ||| | fre 035 $ab11270597-39ule_inst 035 $aPARLA196065$9ExL 040 $aDip.to Scienze dell'Antichità$bita 100 1 $aCicero, Marcus Tullius$082411 245 10$aPour Caelius; Sur les provinces consulaires ; Pour Balbus /$cCicéron ; texte établi et traduit par Jean Cousin 260 $a2. tirage revu et corrig : 300 $aParis :$bLes Belles Lettres, 1969 - 282 p. (paginazione varia) ;$c20 cm. 490 0 $aCollection des Universités de France. Série latine 490 0 $aDiscours ;$v15. 500 $a1Testo latino a fronte 500 $a2Tome 15. di: Discours 700 1 $aCousin, Jean 740 0 $aIn Senatu de provinciis consularibus 740 0 $aPro L. Cornelio Balbo 740 0 $aPro M. Caelio 907 $a.b11270597$b23-02-17$c01-07-02 912 $a991004136349707536 945 $aLE007 I Coll. 4 Cicero 24$g1$i2015000115171$lle007$o-$pE0.00$q-$rl$s- $t0$u0$v0$w0$x0$y.i11433917$z01-07-02 996 $aPro Caelio$919703 997 $aUNISALENTO 998 $ale007$b01-01-95$cm$da $e-$ffre$gfr $h0$i1